Регионална библиотека "Любен Каравелов" - Русе

Барон Хирш (Запис номер 174544)

MARC детайли
000 -Лидер
Контролно поле с фиксирана дължина 01387nam a2200313 c 4500
003 - Код на организацията, давaща контролен номер
Контролно поле BLK
005 - Дата и час на последна редакция
Контролно поле 20180420235546.0
008 - Елементи от данни с фиксирана дължина
fixed length control field 180411b bul|||||r ||||||| ||bul||
010 ## - Наследен системен номер
LC control number KNG00183033000
040 ## - Източник на каталожния запис
Идентификатор на билиотеката - собственик на записа BLK
041 ## - Код за език
Код за езика на текст/звукозапис или на отделно заглавие Български
Код за езика КДБФ Български
080 ## - УДК
Текстов определител УДК Българска литература
УДК код - определител по УДК 821.163.2
УДК определител -32
УДК - код + определител 821.163.2-32
080 ## - УДК
Текстов определител УДК Железопътни линии. Железопътно строителство. Вж и 624.19; 624.2/.8; 629.4; 656.2
УДК код - определител по УДК 625.1
УДК определител (091)
УДК - код + определител 625.1(091)
100 1# - Редна дума - Автор
Автор Хронев, Димитър
Авторска отговорност първи автор
R(LIN) 138563
139 ## - Редно поле
Редна дума Хронев, Димитър
Авторски знак Хрон - Х 89
245 10 - Сведения за заглавието
Заглавие Барон Хирш
Подзаглавни данни Легенда за строителя на балканските железници : Повест
Редно поле (дума) Димитър Хронев; * Димитър Харалампиев Пенчев.
250 ## - Област на изданието
Сведения за изданието 2. изд.
257 ## - Страна на издаване
Страна на създаване/издаване България
260 ## - Област на издателските данни
-- София
Име на издателя, разпространителя и проч. Бълг. писател
Година на издаване 1968
300 ## - Физическа характеристика
Страници 228 с.
Размери/Мащаб 20 см
380 ## - Жанр
Жанр Худож. лит.
500 ## - Общи забележки
Забележка Димитър Хронев - псевд. на Димитър Харалампиев Пенчев. - 1. изд. 1959. - 10 100 тир.
700 1# - Други автори (авторска отговорност)
Лично име Пенчев, Димитър Харалампиев
Автороска отговорност (Описва отношението между автора и произведението) *
9 (RLIN) 339795
852 ## - Местоположение
Форматна сигнатура Цб І 9902
856 4# - Електронен адрес и достъп
Електронен формат pdf - файл
Път до файла /url/
856 4# - Електронен адрес и достъп
Електронен формат pdf - файл
Път до файла /url/
942 ## - АРТИКУЛИ
Вид на библиотечния материал Книги
Скрит в OPAC Не
944 ## - СЪЗДАВАНЕ И РЕДАКЦИЯ на ЗАПИСА
Създаване/Редакция Създаване
Дата на регистрацията/редакция 01.10.2015
Служител, извършил регистрацията/редакцията Кети_Илиева
944 ## - СЪЗДАВАНЕ И РЕДАКЦИЯ на ЗАПИСА
Създаване/Редакция Редакция
Дата на регистрацията/редакция 26.09.2017
Служител, извършил регистрацията/редакцията Вася_Ганчева
999 ## - СИСТЕМНИ КОНТРОЛНИ НОМЕРА
Koha biblionumber 174544
Koha biblioitemnumber 174544
Наличности
Код за отписване Код за изгубен артикул Източник на класификационната схема Код за повреда Коз за рестрикции Код за отдаване Артикулен № Име на библиотеката - собственик Име на библиотеката, в която се намира в момента Статус (Текущо местоположение) Дата на вписване в системата Местоположение - отдел Цена в лева Инвентарен номер Систематично азбучна сигнатура Баркод Номер на екземпляра Цена в евро Служебна бележка Служебен тип на артикула Бележка за публиката
  Не е изгубен Universal Decimal Classification Не е повреден само за читалня ползва се в читалня 299688 Регионална библиотека "Любен Каравелов" Русе Регионална библиотека "Любен Каравелов" Русе Хранилище 1968-01-01 Хранилище 0.95 6841/68 Цб І 9902 900000030290 1 0.49 Вид: Сф Дата: 01.01.1968 Книги  
Изтеглен Не е изгубен Universal Decimal Classification Не е повреден без рестрикции заемане за дома 299689 Регионална библиотека "Любен Каравелов" Русе Регионална библиотека "Любен Каравелов" Русе Заемна - подръчен фонд 1968-01-01 Заемна - подръчен фонд 0.99 7584/68 П 886.7-32/Х 89 900000042461 2 0.51 Вид: Сф Дата: 01.01.1968 Дата инв: 09.02.2018 Бележки инв: П2018 Книги  
Изтеглен Не е изгубен Universal Decimal Classification Не е повреден без рестрикции заемане за дома 299690 Регионална библиотека "Любен Каравелов" Русе Регионална библиотека "Любен Каравелов" Русе Заемна - подръчен фонд 1968-01-01 Заемна - подръчен фонд 0.99 7586/68 П 886.7-32/Х 89 7586/68 3 0.51 Вид: Сф Дата: 01.01.1968 Книги  
Изтеглен Не е изгубен Universal Decimal Classification Не е повреден без рестрикции заемане за дома 299691 Регионална библиотека "Любен Каравелов" Русе Регионална библиотека "Любен Каравелов" Русе Заемна - подръчен фонд 1968-01-01 Заемна - подръчен фонд 0.99 7587/68 П 886.7-32/Х 89 900000042462 4 0.51 Вид: Сф Дата: 01.01.1968 Дата инв: 09.02.2018 Бележки инв: П2018 Книги  
Изтеглен Не е изгубен   Не е повреден без рестрикции заемане за дома 299692 Регионална библиотека "Любен Каравелов" Русе Регионална библиотека "Любен Каравелов" Русе   1968-01-01 Детски отдел 0.99 7277/68 ДХ 886.7/Х 89 7277/68 5 0.51 Вид: Сф Дата: 01.01.1968 Дата инв: 06.10.2015 Бележки инв: Д2015 Книги Отч.N: 34/2017 , Дата: 05.09.2017
Изтеглен Не е изгубен Universal Decimal Classification Не е повреден без рестрикции заемане за дома 299693 Регионална библиотека "Любен Каравелов" Русе Регионална библиотека "Любен Каравелов" Русе Детски отдел 1968-01-01 Детски отдел 0.99 7280/68 ДХ 886.7/Х 89 7280/68 6 0.51 Вид: Сф Дата: 01.01.1968 Дата инв: 06.10.2015 Бележки инв: Д2015 Книги  
Vip Innovations Ltd, Rousse, Bulgaria 2025